Name a valid Canadian City - Statistics

General Stats
  • This quiz has been taken 17 times
    2 since last reset
  • The average score is 12 of 16
Answer Stats
Hint Answers Answer % Correct
Starts with a A, B or C 8 Abbotsford-Mission | Barrie | Belleville | Brantford | Calgary | Cape Breton | Chatham-Kent | Chilliwack
100%
Is connected by a VIA rail station with less than 7 trains a day 11 Kamloops | Chilliwack | Abbotsford-Mission | Kelowna | Edmonton | Vancouver | Winnipeg | Saskatoon | Greater Sudbury | Monocton | Halifax
100%
Gets less than 400 mm of prepcipitation yearly 5 Kamloops | Kelowna | Lethbridge | Saskatoon | Regina
100%
In New Brunswick 3 Monocton | Saint John | Fredericton
100%
On an island 5 Montreal | St John's | Victoria | Nanaimo | Cape Breton
100%
Is located along an active canal 6 St Catherines-Niagara | Montreal | Peterborough | Ottawa | Montreal | Kingston
100%
Directly borders the USA 7 Vancouver | Abbotsford-Mission | Chilliwack | Sarnia | Windsor | St Catherines-Niagara | Thunder Bay
100%
A Provincal Capital 9 Victoria | Edmonton | Regina | Winnipeg | Toronto | Quebec | Halifax | Fredericton | St John's
100%
Is connected by Highway 11 (Provincal Highway) 7 Abbotsford-Mission | Thunder Bay | Saskatoon | Regina | Red Deer | St John's | Moncton
50%
Within 110 kilometers of another Canadian city 20 times its size 7 Barrie | Peterbrough | Brantford | Guelph | Drummondville | Nanaimo | Chilliwack | Oshawa
50%
Has a 5% anunal population growth rate 3 Calgary | Kitchener-Waterloo | Moncton
50%
Drains into the Georgian Bay of Ontario 3 Greater Sudbury | Barrie | Peterbrough
50%
Average temputure of less than 3 degrees celsius 6 Saguenay | Thunder Bay | Winnipeg | Regina | Saskatoon | Red Deer
50%
Over 80% of the city's population is white 9 Saguenay | Trois-Rivières | Quebec | Sherbrooke | St John's | Chatham-Kent | Kingston | St Catherines-Niagara | Kelowna
50%
Located in rivers flowing between the Great Lakes 3 Sarnia | Windsor | St Catherines-Niagara
50%
In between Montreal and Quebec city 3 Trois-Rivières | Drummondville | Sherbrooke
50%
No matching quizzes found
Score Distribution
Percent of People with Each Score
Percentile by Number Answered
Your Score History
You have not taken this quiz since the last reset